| 000 | 00000nas 2200000zi 4500 |
| 001 | 9.872977 |
| 003 | CaOODSP |
| 005 | 20221107163802 |
| 006 | m o d f |
| 007 | cr bn||||||||| |
| 008 | 190515d19881994oncux m o f0###a0eng|d |
| 040 | |aCaOODSP|beng|erda|cCaOODSP |
| 043 | |an-cn--- |
| 086 | 1 |aC21-31E-PDF |
| 245 | 00|aIndustry profile. |
| 264 | 1|a[Ottawa] : |bIndustry, Science and Technology Canada = Industrie, Sciences et Technologie Canada, |c1988-1994. |
| 310 | |aIrregular |
| 336 | |atext|btxt|2rdacontent |
| 337 | |acomputer|bc|2rdamedia |
| 338 | |aonline resource|bcr|2rdacarrier |
| 362 | 1 |aBegan with 1988; ceased with 1994? |
| 500 | |aEach issue has a distinctive title. |
| 500 | |aIssued also in French under title: Profil de l'industrie. |
| 500 | |aDigitized edition from print [produced by Innovation, Science and Economic Development Canada]. |
| 520 | |a"This Industry Profile is one of a series of papers which assess, in a summary form, the current competitiveness of Canada's industrial sectors, and changes anticipated under the Canada-US Free Trade Agreement" - Advertising services, 1988. |
| 692 | 07|2gccst|aIndustry analysis |
| 692 | 07|2gccst|aInternational trade |
| 710 | 1 |aCanada. |bIndustry, Science and Technology Canada. |
| 775 | 08|tProfil de l'industrie.|w(CaOODSP)9.872978 |